| 000 | 01274nam a2200361 i 4500 | ||
|---|---|---|---|
| 001 | 1646 | ||
| 003 | KOSZ 005 | ||
| 005 | 20201130145444.0 | ||
| 008 | 000114s1981 pl a f |000 0 pol | ||
| 015 | _aPB 1981/5626 | ||
| 035 | _a(OCoLC)830201906 | ||
| 040 |
_aWA N _cWA N _dKOSZ 005/EC |
||
| 041 | 0 | _apol | |
| 046 | _k1981 | ||
| 080 | _a628.3 | ||
| 080 | _a(075.8) | ||
| 100 | 1 |
_aBartoszewski, Krzysztof _d(1944-2002) _eAutor |
|
| 245 | 1 | 0 |
_aSystemy oczyszczania ścieków : _bpodstawy technologiczne i projektowe / _cKrzysztof Bartoszewski, Edward Kempa, Ryszard Szpadt ; Politechnika Wrocławska. |
| 260 |
_aWrocław : _bWydaw. PW, _c1981 _e(Wroc : _fPW). |
||
| 300 |
_a508 s., [9] k. tabl. : _bil., tab., wykr. ; _c25 cm. |
||
| 380 | _aKsiążki | ||
| 388 | _a1901-2000 | ||
| 388 | _a1945-1989 | ||
| 658 | _aInżynieria i technika | ||
| 655 | 4 | _aPodręczniki akademickie | |
| 650 | 4 | _aŚcieki | |
| 650 | 4 | _aHigiena | |
| 700 | 1 |
_aSzpadt, Ryszard. _eAutor |
|
| 710 | 2 |
_aWydawnictwo Politechniki Wrocławskiej _4pbl. |
|
| 700 | 1 |
_aKempa, Edward Stanisław _d(1927-2006) _eAutor |
|
| 856 |
_uhttp://koha.tu.koszalin.pl/cgi-bin/koha/opac-detail.pl?biblionumber=1646 _yKatalog online BPK |
||
| 942 |
_2UKD _cKS |
||
| 999 |
_c1646 _d1646 |
||